Srimanmahabharatam (v.2): (Record no. 43933)

000 -LEADER
fixed length control field 00379nam a22001331a 4500
082 ## - DEWEY DECIMAL CLASSIFICATION NUMBER
Classification number S 294.592 3
Item number SRI.2
245 ## - TITLE STATEMENT
Title Srimanmahabharatam (v.2):
Remainder of title vanaparva viratparva/
Statement of responsibility, etc. by Mandan Misra (for.)
260 ## - PUBLICATION, DISTRIBUTION, ETC.
Place of publication, distribution, etc. Delhi:
Name of publisher, distributor, etc. Nag,
Date of publication, distribution, etc. 1988.
650 ## - SUBJECT ADDED ENTRY--TOPICAL TERM
Topical term or geographic name entry element Vedic Literature
9 (RLIN) 134121
650 ## - SUBJECT ADDED ENTRY--TOPICAL TERM
Topical term or geographic name entry element Mahabharata
9 (RLIN) 134122
650 ## - SUBJECT ADDED ENTRY--TOPICAL TERM
Topical term or geographic name entry element Hinduism
9 (RLIN) 134123
650 ## - SUBJECT ADDED ENTRY--TOPICAL TERM
Topical term or geographic name entry element Religion
9 (RLIN) 134124
942 ## - ADDED ENTRY ELEMENTS (KOHA)
Koha item type Reference
Holdings
Withdrawn status Lost status Damaged status Not for loan Permanent Location Current Location Date acquired Cost, normal purchase price Total Checkouts Full call number Barcode Date last seen Cost, replacement price Price effective from Koha item type
        Sree Sankaracharya University of Sanskrit Sree Sankaracharya University of Sanskrit 08.01.2015 0.00   R S 294.592 3 SRI.2 018976 08.01.2015 0.00 08.01.2015 Reference